[Event "Mallorca-chT Primera"]
[Site "Palma de Mallorca"]
[Date "2012.01.28"]
[Round "1.4"]
[White "Moreno Garcia, Alfonso"]
[Black "Calafat Calafat, Pedro"]
[Result "1-0"]
[WhiteElo "2040"]
[BlackElo "1807"]
[PlyCount "61"]
[EventDate "2012.01.28"]
[EventType "team"]
[EventRounds "9"]
[EventCountry "ESP"]
[SourceTitle "EXT 2014"]
[Source "ChessBase"]
[SourceDate "2013.11.20"]
[SourceVersion "1"]
[SourceVersionDate "2013.11.20"]
[SourceQuality "1"]

1. e4 e5 2. Nf3 Nc6 3. Bb5 a6 4. Ba4 Nf6 5. 0-0 Be7 6. Re1 b5 7. Bb3 0-0 8. c3 d5 9. exd5 Nxd5 10. Nxe5 Nxe5 11. Rxe5 c6 12. d4 Bd6 13. Re1 Qh4 14. g3 Qh3 15. Qd3 Bg4 16. Bxd5 cxd5 17. Qf1 Qh5 18. Be3 f5 19. f4 Rf6 20. Nd2 Raf8 21. a4 g5 22. axb5 gxf4 23. Bxf4 Bxf4 24. Qxf4 Rh6 25. Qf2 f4 26. Re5 Qg6 27. Rxa6 Qxa6 28. bxa6 fxg3 29. Rg5+ Rg6 30. Rxg6+ hxg6 31. Qxf8+ 1-0